LEADER 01070nam a2200253 a 4500 001 000000167494 003 CaOOAMICUS 005 20180504150208.0 008 180504s2003 it af u000 u ita r 032 $aLibriCat 040 $aPUL$bita 100 1 $aRiva, Franco,$d1953-$0(OLS)http://pul/name/2436 245 10$aAscesi, mondo e società : $bmonachesimo e cultura contemporanea /$cFranco Riva. 260 $aSeregno :$bAbbazia San Benedetto,$c2003. 300 $a193 p., [4] c. di tav. :$bill. ;$c19 cm. 490 1 $aOrizzonti monastici ;$v33 650 4$aMonachesimo.$0(OLS)http://pul/subject/42099 830 0$aOrizzonti monastici ;$v33.$0(OLS)http://pul/title/104676 850 $aPUL 852 $aPUL$W1$xDP1 Fondo Dalla Palma$y117$m3 B 74$j166195$qFondi$B195142$CPULBib$Z2$F195142 $HDal2368 $81 941 1 $a1 996 $6245$aAscesi, mondo e società : $bmonachesimo e cultura contemporanea$9(OLS)http://pul/title/207562 996 $6260$aSeregno :$bAbbazia San Benedetto$9(OLS)http://pul/publisher/75747 LEADER 01285nam a2200313 a 4500 001 000000170349 003 CaOOAMICUS 005 20181107142057.0 008 181107s1995 it 000 u ita r 020 $a88-7153-242-2* 032 $aLibriCat 040 $aPul$bita 245 10$aEquità, efficienza e crescita : $bil futuro del welfare state / $c[a cura di Mario Baldassarri, Luigi Paganetto e Edmund S. Phelps]. 260 $aRoma :$bS.I.P.I.,$c©1995. 300 $a430 p. ; $c24 cm. 490 1 $aMonografie RPE ;$v20 650 4$aWelfare state.$0(OLS)http://pul/subject/18631 700 1 $aPhelps, Edmund S.$0(OLS)http://pul/name/109595 700 1 $aPaganetto.$0(OLS)http://pul/name/109594 700 1 $aBaldassarri, Mario.$0(OLS)http://pul/name/109593 830 0$aMonografie RPE ;$v20.$0(OLS)http://pul/title/211099 850 $aPUL 852 $aPUL$W1$xDP1 Fondo De Girolamo$y124$m1 A 49$j41551$qFondi$B198627$CPULBib$Z2$F198627 $81 941 1 $a1 960 $aStato sociale$918631 996 $6020$a88-7153-242-2*$9(OLS)http://pul/number/165214 996 $6245$aEquità, efficienza e crescita : $bil futuro del welfare state / $9(OLS)http://pul/title/211098 996 $6260$aRoma :$bS.I.P.I.$9(OLS)http://pul/publisher/48523